000 00557nam a22001697a 4500
003 OSt
005 20260313100605.0
008 260313b |||||||| |||| 00| 0 eng d
040 _cMRSPTU
041 _aEnglish
100 _aRajinder Kaur, Supervisor: Jasbir Singh Hundal
245 _aStudy of Ferroelectric and Dielectric Properties of Doped Sodium Nitrite NaNo2-PV A Thin Films
260 _bDepartment of Physics, MRSPTU, Bathinda
_c2015
650 _aPhysics
856 _uhttp://163.47.215.52:8080/jspui/handle/123456789/1196
942 _2ddc
_cTH
_n0
999 _c11139
_d11139